African Capitals Anagram Match Up Quiz Stats

Quiz not verified by Sporcle

Challenge
Share
Tweet
Score 0/25 Timer 08:00
0 Plays Today
% Correct
* LIBYA *
87.7%
* SUDAN *
86.4%
* TUNISIA *
85.2%
* REPUBLIC OF CONGO *
82.7%
* D.R.C. *
81.5%
* ALGERIA *
81.5%
* SOMALIA *
77.8%
* MOZAMBIQUE *
76.5%
* NAMIBIA *
76.5%
* GUINEA *
74.1%
* LIBERIA *
74.1%
* SOUTH AFRICA *
72.8%
* CAMEROON *
72.8%
% Correct
* SIERRA LEONE *
71.6%
* BOTSWANA *
71.6%
* MALAWI *
71.6%
* CABO VERDE *
70.4%
* CHAD *
70.4%
* COMOROS *
69.1%
* TANZANIA *
69.1%
* MAURITANIA *
65.4%
* MAURITIUS *
64.2%
* GABON *
63%
* LESOTHO *
60.5%
* SWAZILAND *
54.3%

You're not logged in!

Compare scores with friends on all Sporcle quizzes.
Join for Free
OR
Log In

You Might Also Like...

Show Comments

Extras

Top Quizzes Today


Score Distribution

Your Account Isn't Verified!

In order to create a playlist on Sporcle, you need to verify the email address you used during registration. Go to your Sporcle Settings to finish the process.

Report this User

Report this user for behavior that violates our Community Guidelines.

Details: